| 000 -LEADER |
| fixed length control field |
00973nas a22003017a 4500 |
| 003 - CONTROL NUMBER IDENTIFIER |
| control field |
OSt |
| 005 - DATE AND TIME OF LATEST TRANSACTION |
| control field |
20190430075819.0 |
| 008 - FIXED-LENGTH DATA ELEMENTS--GENERAL INFORMATION |
| fixed length control field |
190228c xxum||p| |||| 00| 0 spa d |
| 022 ## - INTERNATIONAL STANDARD SERIAL NUMBER |
| Source |
03253627 |
| 040 ## - CATALOGING SOURCE |
| Transcribing agency |
PJ |
| 245 10 - MENCIÓN DE TÍTULO |
| Título propiamente dicho |
Impuestos : |
| Parte restante del título |
tributario, laboral, seguridad social / |
| Mención de responsabilidad, etc |
director Marcelo Ramón Lascano. |
| 260 ## - PUBLICATION, DISTRIBUTION, ETC. (IMPRINT) |
| Place of publication, distribution, etc |
Ciudad Autónoma de Buenos Aires : |
| Name of publisher, distributor, etc |
Thomson Reuters La Ley, |
| Date of publication, distribution, etc |
2012- |
| 300 ## - DESCRIPCION FISICA |
| Extent |
v. |
| Dimensions |
24 cm. |
| 310 ## - CURRENT PUBLICATION FREQUENCY |
| Current publication frequency |
mensual |
| 362 ## - DATES OF PUBLICATION AND/OR SEQUENTIAL DESIGNATION |
| Dates of publication and/or sequential designation |
No. 1 (2012) - No. 3 (2017) |
| 500 ## - NOTA GENERAL |
| General note |
Ubicada en Hemeroteca. |
| 650 #0 - ASIENTO SECUNDARIO DE MATERIA - TERMINO TEMATICO |
| 9 (RLIN) |
339 |
| Topical term or geographic name as entry element |
DERECHO TRIBUTARIO |
| 650 #0 - ASIENTO SECUNDARIO DE MATERIA - TERMINO TEMATICO |
| 9 (RLIN) |
695 |
| Topical term or geographic name as entry element |
IMPUESTOS |
| 700 ## - ADDED ENTRY--PERSONAL NAME |
| 9 (RLIN) |
4113 |
| Personal name |
Lascano, Marcelo Ramón |
| Relator term |
director |
| 866 ## - INVENTARIOS TEXTUALES - UNIDAD BIBLIOGRÁFICA BÁSICA |
| Descripción textual de las existencias |
2012 (11-12) |
| 866 ## - INVENTARIOS TEXTUALES - UNIDAD BIBLIOGRÁFICA BÁSICA |
| Descripción textual de las existencias |
2013 (2-3-4-5-6-9-10-11-12) |
| 866 ## - INVENTARIOS TEXTUALES - UNIDAD BIBLIOGRÁFICA BÁSICA |
| Descripción textual de las existencias |
2014 (1-2-3-4-5-6-7-8-9-10-11-12) |
| 866 ## - INVENTARIOS TEXTUALES - UNIDAD BIBLIOGRÁFICA BÁSICA |
| Descripción textual de las existencias |
2015 (1-2-3-4-5-6-7-8-9-10-11-12) |
| 866 ## - INVENTARIOS TEXTUALES - UNIDAD BIBLIOGRÁFICA BÁSICA |
| Descripción textual de las existencias |
2016 (1-2-3-4-5-6-7-8-9-10-11-12) |
| 866 ## - INVENTARIOS TEXTUALES - UNIDAD BIBLIOGRÁFICA BÁSICA |
| Descripción textual de las existencias |
2017 (1-2-3) |
| 942 ## - ADDED ENTRY ELEMENTS (KOHA) |
| Source of classification or shelving scheme |
|
| Koha item type |
Publicaciones Periódicas |
| Classification part |
336(05) |
| Item part |
REV |